01795na a2200421 450000100060000000300080000600500170001400800410003103500100007204000250008204100080010708200330011509000320014811000340018022200260021424500590024024600450029926000230034430000180036744000520038549000370043750001060047450000650058061000900064561000950073565700230083065700200085365700250087365700290089874000360092774000450096374000480100883000200105694200130107695201320108995201370122199900150135820216MIRAKIL20181213155128.0170120b tu 000 0  a20216 aMilasbturcTR-AnCHP atur aCHP 324.2372026bC36ü 1999 aCHP 324.2372026 C36ü 1999 aCumhuriyet Halk Partisi (CHP) aÜye kayıt yenileme aCHP üye kayıt yenileme genelgesib[21.09.1999]cCHP aCHP 1999 üye kayıt yenileme genelgesi aAnkara bCHPc1999 a21 s.c21 sm. aCumhuriyet Halk Partisi yayınlarıpGenelgeler aÜye Kayıt Yenileme (ÜKY)v2 aDış kapak yapıt adı: Türkiye'ye sahip çık kaydını yenile. Üye kayıt yenileme genelgesi aKütüphaneciden çevrimdışı versiyonu sağlanabilir aCumhuriyet Halk Partisi (CHP)xGenelgeler, 1999yParti üyeliğiyÜyelik yenileme aCumhuriyet Halk Partisi (CHP)xYönetmelikler, 1999yParti üyeliğiyÜyelik yenileme aCHP 1999 genelgesi aCHP genelgeleri aCHP yönetmelikleri aCHP 1999 yönetmeliği aÜye kayıt yenileme genelgesi aCHP 1999 üye kayıt yenileme genelgesi aTürkiye'ye sahip çık kaydını yenile. aCHP genelgeleri 2dcccBKS a0001b0001d2017-01-15e2l0oCHP 324.2372026 C36ü 1999p011472r2017-01-15 00:00:00v0.00w2017-01-15x Özgün kitapyBKS a0001b0001d2017-01-15e2l0oCHP 324.2372026 C36ü 1999p011474r2017-01-15 00:00:00tk.2v0.00w2017-01-15x Özgün kitapyBKS c7123d7123